000 004450000a22001810004500
003 MACL
005 20160119174055.0
008 160119b xxu||||| |||| 00| 0 eng d
040 _aMACL
_cMACL
041 _aEnglish
082 _a005.133/MUK
100 _aMukhi, Vijay
_933408
245 _aC# to IL
260 _bBPB Publications
_c2001
_aNew Delhi
350 _a210
650 _aComputer Programming
_920374
942 _cBK
_k005.133/MUK
_2ddc
999 _c33462
_d33462